[Event "Kharkov Advanced vs Experienced"]
[Site "Kharkov"]
[Date "2021.12.28"]
[Round "8"]
[White "Neverov, Valeriy"]
[Black "Gavrish, Leonid"]
[Result "1-0"]
[WhiteElo "2451"]
[BlackElo "1939"]
[PlyCount "47"]
[EventDate "2021.12.21"]
[EventType "schev"]
[EventRounds "8"]
[EventCountry "UKR"]
[SourceTitle "CBM 206 Extra"]
[Source "ChessBase"]
[SourceDate "2022.03.31"]
[SourceVersion "1"]
[SourceVersionDate "2022.03.31"]
[SourceQuality "1"]

1. c4 Nf6 2. Nc3 c5 3. g3 g6 4. Bg2 Bg7 5. f4 Nc6 6. d3 d6 7. Nf3 e5 8. 0-0 0-0 9. e4 Bg4 10. h3 Bxf3 11. Qxf3 Nd4 12. Qf2 exf4 13. gxf4 Nh5 14. f5 Be5 15. Bh6 Ng3 16. f6 Re8 17. Bg5 Ne6 18. Be3 Nxf1 19. Rxf1 g5 20. h4 gxh4 21. Qxh4 Kh8 22. Rf3 a6 23. Nd5 b5 24. Rh3 1-0

[Event "Kharkov Advanced vs Experienced"]
[Site "Kharkov"]
[Date "2021.12.26"]
[Round "6"]
[White "Gavrish, Leonid"]
[Black "Shalimov, Valery"]
[Result "1/2-1/2"]
[WhiteElo "1939"]
[BlackElo "2315"]
[PlyCount "42"]
[EventDate "2021.12.21"]
[EventType "schev"]
[EventRounds "8"]
[EventCountry "UKR"]
[SourceTitle "CBM 206 Extra"]
[Source "ChessBase"]
[SourceDate "2022.03.31"]
[SourceVersion "1"]
[SourceVersionDate "2022.03.31"]
[SourceQuality "1"]

1. d4 d5 2. c4 c6 3. cxd5 cxd5 4. Nc3 Nf6 5. Bf4 Nc6 6. e3 a6 7. Bd3 Bg4 8. Nge2 e6 9. 0-0 Be7 10. Rc1 0-0 11. Na4 Nd7 12. a3 e5 13. dxe5 Ndxe5 14. f3 Be6 15. Nd4 Nxd4 16. Bxe5 Nc6 17. Bf4 Rc8 18. Nc5 Qb6 19. b4 a5 20. Na4 Qd8 21. b5 Nb8 1/2-1/2

[Event "Kharkov Advanced vs Experienced"]
[Site "Kharkov"]
[Date "2021.12.24"]
[Round "4"]
[White "Kushko, Dmitriy"]
[Black "Gavrish, Leonid"]
[Result "1-0"]
[WhiteElo "2289"]
[BlackElo "1939"]
[PlyCount "65"]
[EventDate "2021.12.21"]
[EventType "schev"]
[EventRounds "8"]
[EventCountry "UKR"]
[SourceTitle "CBM 206 Extra"]
[Source "ChessBase"]
[SourceDate "2022.03.31"]
[SourceVersion "1"]
[SourceVersionDate "2022.03.31"]
[SourceQuality "1"]

1. g3 Nf6 2. Bg2 g6 3. d4 Bg7 4. Nf3 0-0 5. 0-0 c5 6. dxc5 Qa5 7. Be3 Ng4 8. Bd4 e5 9. Bc3 Qxc5 10. h3 Nh6 11. Nbd2 Nc6 12. Ne4 Qe7 13. Qd5 Nf5 14. Rfd1 Nfd4 15. Nxd4 exd4 16. Bd2 Kh8 17. c3 f5 18. Nd6 Qe6 19. cxd4 Nxd4 20. e3 Qxd5 21. Bxd5 Ne6 22. Rab1 Rb8 23. Bb4 h5 24. Nxc8 Rfxc8 25. Bd6 Nc7 26. Rbc1 Nxd5 27. Bxb8 Rxb8 28. Rxd5 Bxb2 29. Rb1 Bf6 30. Rxd7 b5 31. Rxa7 b4 32. Rb3 Bc3 33. a3 1-0

[Event "Kiev Spring op"]
[Site "Kiev"]
[Date "2021.07.12"]
[Round "4"]
[White "Babiy, Olga"]
[Black "Gavrish, Leonid"]
[Result "1-0"]
[WhiteElo "2236"]
[BlackElo "2025"]
[PlyCount "77"]
[EventDate "2021.07.10"]
[EventType "swiss"]
[EventRounds "9"]
[EventCountry "UKR"]
[SourceTitle "EXT 2024"]
[Source "ChessBase"]
[SourceDate "2023.10.10"]
[SourceVersion "1"]
[SourceVersionDate "2023.10.10"]
[SourceQuality "1"]

1. e4 c5 2. Nf3 Nc6 3. d4 cxd4 4. Nxd4 g6 5. Nc3 Bg7 6. Be3 Nf6 7. Bc4 0-0 8. Bb3 a5 9. 0-0 a4 10. Nxa4 Nxe4 11. Nb5 Ra6 12. c4 d6 13. Qe2 Be6 14. Rad1 Na5 15. f3 Nxb3 16. axb3 Nf6 17. Nc5 Ra8 18. Nxe6 fxe6 19. Bf2 Qd7 20. Rfe1 Kf7 21. Bg3 Ra6 22. Nc7 Qxc7 23. Qxe6+ Ke8 24. Bxd6 Rxd6 25. Rxd6 Rf7 26. Red1 Kf8 27. Rd8+ Ne8 28. Rc8 Rf6 29. Qh3 Qb6+ 30. c5 Qxb3 31. Qd7 Qf7 32. Qb5 Rc6 33. Rdd8 Bd4+ 34. Kf1 Qa2 35. Rxe8+ Kf7 36. Rxe7+ Kxe7 37. Qxb7+ Kf6 38. Rxc6+ Kg5 39. Qe7+ 1-0

[Event "Cherkasy Konsalt Apr"]
[Site "Cherkasy"]
[Date "2021.04.11"]
[Round "9"]
[White "Romanchuk, Viktor"]
[Black "Gavrish, Leonid"]
[Result "1/2-1/2"]
[WhiteElo "2245"]
[BlackElo "2035"]
[PlyCount "136"]
[EventDate "2021.04.06"]
[EventType "tourn"]
[EventRounds "9"]
[EventCountry "UKR"]
[SourceTitle "CBM 201 Extra"]
[Source "ChessBase"]
[SourceDate "2021.05.31"]
[SourceVersion "1"]
[SourceVersionDate "2021.05.31"]
[SourceQuality "1"]

1. Nf3 Nf6 2. c4 c5 3. g3 g6 4. Bg2 Bg7 5. 0-0 0-0 6. d4 cxd4 7. Nxd4 Nc6 8. Nc3 Qa5 9. Nb3 Qh5 10. c5 d6 11. cxd6 Rd8 12. e4 Rxd6 13. Qxh5 Nxh5 14. Be3 Bxc3 15. bxc3 e5 16. c4 Bg4 17. f3 Be6 18. Nc5 Bxc4 19. Rfc1 b5 20. a4 Nd4 21. Kf2 Rc6 22. Nd7 Nb3 23. axb5 Bxb5 24. Rxc6 Bxc6 25. Rd1 a5 26. Bf1 a4 27. Bc4 Kg7 28. Nxe5 Be8 29. g4 Nf6 30. Rb1 Nd7 31. Nxd7 Bxd7 32. Bxb3 axb3 33. Rxb3 Be6 34. Rc3 Rd8 35. Kg3 Rd7 36. Bf4 h6 37. Rc6 g5 38. Be5+ Kg6 39. Rc8 f6 40. Rc6 Kf7 41. Bd6 Bb3 42. h4 Be6 43. h5 Bb3 44. Kf2 Be6 45. Rb6 Bc4 46. e5 Be6 47. exf6 Kxf6 48. Bf8 Rh7 49. Kg3 Rh8 50. Ba3 Rd8 51. Kf2 Kf7 52. Bd6 Rd7 53. Ke3 Rd8 54. Ke4 Rd7 55. Ke5 Bc4 56. Bb4 Kg7 57. Rg6+ Kh7 58. Bf8 Be2 59. Rxh6+ Kg8 60. Rf6 Rf7 61. Bh6 Bxf3 62. Rg6+ Kh7 63. Bxg5 Bxg4 64. Rh6+ Kg7 65. Rg6+ Kh7 66. Bf6 Bxh5 67. Rg5 Bg6 68. Rg2 Ra7 1/2-1/2

[Event "Cherkasy Konsalt Apr"]
[Site "Cherkasy"]
[Date "2021.04.07"]
[Round "2"]
[White "Gavrish, Leonid"]
[Black "Anwesh, Upadhyaya"]
[Result "0-1"]
[WhiteElo "2035"]
[BlackElo "2370"]
[PlyCount "92"]
[EventDate "2021.04.06"]
[EventType "tourn"]
[EventRounds "9"]
[EventCountry "UKR"]
[SourceTitle "CBM 201 Extra"]
[Source "ChessBase"]
[SourceDate "2021.05.31"]
[SourceVersion "1"]
[SourceVersionDate "2021.05.31"]
[SourceQuality "1"]

1. d4 d5 2. c4 c6 3. cxd5 cxd5 4. Nc3 Nf6 5. Bf4 a6 6. e3 Nc6 7. Bd3 Bg4 8. Nge2 e6 9. 0-0 Be7 10. Rc1 0-0 11. Na4 Nd7 12. a3 Rc8 13. b4 e5 14. dxe5 Ndxe5 15. h3 Be6 16. Nc5 Bxc5 17. Rxc5 Nc4 18. Nd4 Nxd4 19. exd4 b6 20. Rxc8 Qxc8 21. Qh5 g6 22. Qh6 Qd7 23. Rc1 b5 24. Rc3 Bf5 25. Bf1 f6 26. h4 Re8 27. Be3 Qg7 28. Qf4 Qd7 29. g3 Re4 30. Qb8+ Qe8 31. Qb7 Nxe3 32. fxe3 Rxe3 33. Qxd5+ Kg7 34. Rc7+ Kh6 35. Qd6 Qe4 36. Bg2 Re1+ 37. Kh2 Re2 38. Qf4+ Qxf4 39. gxf4 Be4 40. Ra7 Rxg2+ 41. Kh3 Rd2 42. Rxa6 f5 43. Ra5 Rxd4 44. Rxb5 Rd3+ 45. Kh2 Rxa3 46. Ra5 Rb3 0-1

[Event "Cherkasy Konsalt"]
[Site "Cherkasy"]
[Date "2021.03.10"]
[Round "8"]
[White "Malyovanyi, Yulian"]
[Black "Gavrish, Leonid"]
[Result "1-0"]
[WhiteElo "2298"]
[BlackElo "2085"]
[PlyCount "43"]
[EventDate "2021.03.06"]
[EventType "tourn"]
[EventRounds "9"]
[EventCountry "UKR"]
[EventCategory "2"]
[SourceTitle "EXT 2022"]
[Source "ChessBase"]
[SourceDate "2021.10.06"]
[SourceVersion "1"]
[SourceVersionDate "2021.10.06"]
[SourceQuality "1"]

1. e4 d6 2. d4 Nf6 3. Nc3 g6 4. g3 Bg7 5. Bg2 0-0 6. Nge2 e5 7. 0-0 Nc6 8. h3 exd4 9. Nxd4 Nxd4 10. Qxd4 Re8 11. Qd1 Be6 12. Bg5 h6 13. Be3 Qd7 14. Kh2 Kh7 15. Qd2 Bc4 16. Rfe1 Re7 17. Rad1 Rae8 18. Bd4 b6 19. f4 Ba6 20. Bxf6 Bxf6 21. Nd5 Re6 22. f5 1-0

[Event "Mykolaiv IM"]
[Site "Mykolaiv"]
[Date "2021.03.05"]
[Round "9"]
[White "Sidorika, Vladislav"]
[Black "Gavrish, Leonid"]
[Result "1-0"]
[WhiteElo "2331"]
[BlackElo "2085"]
[PlyCount "75"]
[EventDate "2021.02.27"]
[EventType "tourn"]
[EventRounds "9"]
[EventCountry "UKR"]
[EventCategory "1"]
[SourceTitle "EXT 2022"]
[Source "ChessBase"]
[SourceDate "2021.10.06"]
[SourceVersion "1"]
[SourceVersionDate "2021.10.06"]
[SourceQuality "1"]

1. c4 Nf6 2. g3 c5 3. Bg2 g6 4. Nc3 Bg7 5. Nf3 0-0 6. d4 cxd4 7. Nxd4 Nc6 8. 0-0 Ng4 9. e3 d6 10. b3 Nxd4 11. exd4 Nh6 12. Bd2 Nf5 13. d5 Bd7 14. Re1 a6 15. a4 Re8 16. a5 Rc8 17. Ra3 h5 18. Ne4 b5 19. axb6 Qxb6 20. Bf1 Nd4 21. h3 e5 22. b4 Bf5 23. g4 hxg4 24. hxg4 Bxe4 25. Rxe4 a5 26. Rxa5 f5 27. gxf5 gxf5 28. Rh4 e4 29. Ra3 Nf3+ 30. Rxf3 exf3 31. Qxf3 Re4 32. Qxf5 Rxh4 33. Qe6+ Kf8 34. Qxc8+ Kf7 35. Qe6+ Kf8 36. Bg5 Rh5 37. Be7+ Ke8 38. Bf6+ 1-0

[Event "Mykolaiv IM"]
[Site "Mykolaiv"]
[Date "2021.03.04"]
[Round "8"]
[White "Gavrish, Leonid"]
[Black "Anwesh, Upadhyaya"]
[Result "1/2-1/2"]
[WhiteElo "2085"]
[BlackElo "2364"]
[PlyCount "117"]
[EventDate "2021.02.27"]
[EventType "tourn"]
[EventRounds "9"]
[EventCountry "UKR"]
[EventCategory "1"]
[SourceTitle "EXT 2022"]
[Source "ChessBase"]
[SourceDate "2021.10.06"]
[SourceVersion "1"]
[SourceVersionDate "2021.10.06"]
[SourceQuality "1"]

1. d4 d5 2. c4 e6 3. Nc3 a6 4. cxd5 exd5 5. Nf3 Be7 6. Bf4 Nf6 7. Qc2 Nc6 8. a3 g6 9. e3 Bf5 10. Bd3 Bxd3 11. Qxd3 0-0 12. 0-0 Re8 13. Ne5 Bd6 14. Nxc6 bxc6 15. Bg3 Bxg3 16. hxg3 Ng4 17. Ne2 h5 18. Rac1 Qf6 19. Nf4 g5 20. Nh3 Re6 21. Rc5 Kg7 22. Qc3 Rh8 23. e4 Rxe4 24. Rxc6 Qxd4 25. Nxg5 Qxc3 26. Rxc3 Rc4 27. Rxc4 dxc4 28. f3 Ne5 29. Rc1 Rb8 30. Rc2 Nd3 31. Rxc4 Rxb2 32. Ne4 Rb1+ 33. Kh2 f5 34. Rxc7+ Kf8 35. Nd2 Ra1 36. Rc2 Rxa3 37. Kh3 Ra4 38. Rc4 Ra2 39. Rc8+ Ke7 40. Nc4 Rc2 41. Rc7+ Ke6 42. Rc6+ Kd5 43. Ne3+ Kxc6 44. Nxc2 a5 45. Kh4 a4 46. Kxh5 Kc5 47. Kg5 Kc4 48. Kxf5 Kc3 49. Na1 Ne1 50. g4 Nxg2 51. g5 Kb2 52. g6 Nh4+ 53. Kf6 Nxg6 54. Kxg6 a3 55. f4 a2 56. f5 Kxa1 57. f6 Kb1 58. f7 a1Q 59. f8Q 1/2-1/2

[Event "Mykolaiv IM"]
[Site "Mykolaiv"]
[Date "2021.02.28"]
[Round "2"]
[White "Kushko, Dmitriy"]
[Black "Gavrish, Leonid"]
[Result "1-0"]
[WhiteElo "2285"]
[BlackElo "2085"]
[PlyCount "85"]
[EventDate "2021.02.27"]
[EventType "tourn"]
[EventRounds "9"]
[EventCountry "UKR"]
[EventCategory "1"]
[SourceTitle "EXT 2022"]
[Source "ChessBase"]
[SourceDate "2021.10.06"]
[SourceVersion "1"]
[SourceVersionDate "2021.10.06"]
[SourceQuality "1"]

1. Nf3 Nf6 2. g3 g6 3. Bg2 Bg7 4. c4 c5 5. 0-0 0-0 6. d4 cxd4 7. Nxd4 Nc6 8. Nc3 Ng4 9. e3 Nxd4 10. exd4 d6 11. Nd5 Nf6 12. Nxf6+ Bxf6 13. Be3 Bd7 14. Qd2 Rc8 15. Qe2 b6 16. Rac1 e6 17. Rfd1 Re8 18. b4 Ba4 19. Re1 Bc6 20. Bxc6 Rxc6 21. a4 Rc8 22. c5 bxc5 23. dxc5 dxc5 24. Bxc5 Be7 25. Red1 Qc7 26. Be3 Qb7 27. b5 Qe4 28. Qa2 h5 29. Qa1 h4 30. Qd4 Qf3 31. Qf4 Qb7 32. gxh4 Ba3 33. Rxc8 Rxc8 34. h5 Qc7 35. Qxc7 Rxc7 36. hxg6 fxg6 37. Rd8+ Kf7 38. Ra8 Kf6 39. Rxa7 Rc4 40. a5 Bd6 41. Rd7 Rg4+ 42. Kf1 Bxh2 43. a6 1-0

[Event "Mykolaiv IM"]
[Site "Mykolaiv"]
[Date "2021.02.27"]
[Round "1"]
[White "Gavrish, Leonid"]
[Black "Boricsev, Oleg"]
[Result "1/2-1/2"]
[WhiteElo "2085"]
[BlackElo "2234"]
[PlyCount "71"]
[EventDate "2021.02.27"]
[EventType "tourn"]
[EventRounds "9"]
[EventCountry "UKR"]
[EventCategory "1"]
[SourceTitle "EXT 2022"]
[Source "ChessBase"]
[SourceDate "2021.10.06"]
[SourceVersion "1"]
[SourceVersionDate "2021.10.06"]
[SourceQuality "1"]

1. d4 Nf6 2. c4 e5 3. dxe5 Ng4 4. Bf4 Nc6 5. Nf3 Bb4+ 6. Nbd2 Qe7 7. e3 Ngxe5 8. Nxe5 Nxe5 9. Be2 b6 10. 0-0 Bxd2 11. Qxd2 Bb7 12. Qc3 f6 13. Rfd1 d6 14. b4 a5 15. a3 axb4 16. axb4 0-0 17. Rac1 Ra2 18. c5 Rxe2 19. Bxe5 Kh8 20. Qc4 Rxf2 21. Kxf2 fxe5+ 22. Kg1 bxc5 23. bxc5 Qg5 24. Qe2 Be4 25. cxd6 cxd6 26. Qf2 Kg8 27. Qg3 Qxg3 28. hxg3 d5 29. Rc7 Rf7 30. Rdc1 Rxc7 31. Rxc7 Kf8 32. g4 g5 33. Kf2 Bg6 34. Rd7 Bf7 35. Rc7 Kg7 36. Ra7 1/2-1/2

[Event "Kiev Shystarev Memorial 1st"]
[Site "Kiev"]
[Date "2020.08.29"]
[Round "7"]
[White "Dvornitskaya, Elena"]
[Black "Gavrish, Leonid"]
[Result "0-1"]
[WhiteElo "1847"]
[BlackElo "2096"]
[PlyCount "158"]
[EventDate "2020.08.25"]
[EventType "swiss"]
[EventRounds "9"]
[EventCountry "UKR"]
[SourceTitle "EXT 2022"]
[Source "ChessBase"]
[SourceDate "2021.10.06"]
[SourceVersion "1"]
[SourceVersionDate "2021.10.06"]
[SourceQuality "1"]

1. e4 c5 2. Nf3 Nc6 3. Bb5 g6 4. 0-0 Bg7 5. d3 Nf6 6. c3 0-0 7. Be3 Qb6 8. Bc4 Qxb2 9. Bb3 Qxa1 10. Qc2 Na5 11. Bc1 c4 12. dxc4 Nxb3 13. Qxb3 Nxe4 14. Bb2 Nc5 15. Qa3 Qxb2 16. Qxb2 b6 17. Nbd2 d6 18. Nd4 Bd7 19. f4 e5 20. Nb5 exf4 21. Nc7 Rac8 22. Nd5 Rfe8 23. Nb3 Na4 24. Qa3 Be5 25. Nd2 Bc6 26. Nf3 Bxd5 27. cxd5 Nxc3 28. Nxe5 dxe5 29. d6 Red8 30. Kh1 Rc5 31. Qxa7 Nd5 32. Rd1 Kg7 33. h4 Rxd6 34. Qa8 e4 35. Qe8 Re6 36. Qa4 Rf6 37. Re1 f3 38. Qxe4 fxg2+ 39. Kxg2 Nf4+ 40. Kg3 Rc3+ 41. Kh2 Rh3+ 42. Kg1 Rxh4 43. Qe7 Rg4+ 44. Kh1 Nd3 45. Rg1 Re4 46. Qa3 Re3 47. Qa4 Re4 48. Qc2 Rh4+ 49. Kg2 Rf2+ 50. Qxf2 Nxf2 51. Rb1 Ra4 52. Rb2 Nd3 53. Rxb6 Rxa2+ 54. Kf3 Nc5 55. Rc6 Ne6 56. Rd6 h5 57. Kg3 Ra3+ 58. Kh4 Ra4+ 59. Kg3 g5 60. Rb6 Ra3+ 61. Kh2 g4 62. Kg2 Kg6 63. Kh2 h4 64. Kg2 Ra2+ 65. Kh1 g3 66. Rb4 Nf4 67. Rb1 Rh2+ 68. Kg1 Nh3+ 69. Kf1 g2+ 70. Ke2 g1Q+ 71. Kf3 Rf2+ 72. Ke4 Qxb1+ 73. Kd5 Rf5+ 74. Kc6 Qb5+ 75. Kc7 Rc5+ 76. Kd8 Qb6+ 77. Ke8 Rc8+ 78. Kd7 Rc7+ 79. Ke8 Qb8# 0-1

[Event "Calvia Amateur op 16th"]
[Site "Calvia"]
[Date "2019.10.06"]
[Round "2"]
[White "Reyes Moreno, Jose"]
[Black "Gavrish, Leonid"]
[Result "0-1"]
[WhiteElo "1484"]
[BlackElo "2034"]
[PlyCount "54"]
[EventDate "2019.10.05"]
[EventType "swiss"]
[EventRounds "9"]
[EventCountry "ESP"]
[SourceTitle "CBM 192 Extra"]
[Source "Chessbase"]
[SourceDate "2019.11.06"]
[SourceVersion "1"]
[SourceVersionDate "2019.11.06"]
[SourceQuality "1"]

1. e4 d6 2. d4 Nf6 3. Nc3 g6 4. Bc4 Bg7 5. Nge2 0-0 6. 0-0 Nxe4 7. Nd5 c6 8. Ndf4 d5 9. Bb3 e5 10. f3 Nd6 11. dxe5 Bxe5 12. c4 dxc4 13. Bc2 Na6 14. Bd2 Bf5 15. Bc3 Bxc2 16. Qxc2 Nb4 17. Bxb4 Qb6+ 18. Kh1 Qxb4 19. Rab1 Nf5 20. Rfe1 Rfe8 21. b3 Bxf4 22. Nc3 cxb3 23. axb3 Ne3 24. Qb2 Nd5 25. Re4 Qxc3 26. Qe2 Rxe4 27. fxe4 Re8 0-1

[Event "Lvov Tradition IM 09"]
[Site "Lvov"]
[Date "2019.09.26"]
[Round "6"]
[White "Gavrish, Leonid"]
[Black "Siniauski, Artsiom"]
[Result "1/2-1/2"]
[WhiteElo "2022"]
[BlackElo "2233"]
[PlyCount "97"]
[EventDate "2019.09.23"]
[EventType "tourn"]
[EventRounds "9"]
[EventCountry "UKR"]
[SourceTitle "EXT 2020"]
[Source "ChessBase"]
[SourceDate "2019.10.17"]
[SourceVersion "1"]
[SourceVersionDate "2019.10.17"]
[SourceQuality "1"]

1. c4 e5 2. g3 Nf6 3. Bg2 d5 4. cxd5 Nxd5 5. Nf3 Nc6 6. 0-0 Nb6 7. Nc3 Be7 8. d3 0-0 9. Be3 Be6 10. a3 a5 11. Na4 Nxa4 12. Qxa4 Qd7 13. Rfc1 f6 14. Qb5 Bd6 15. Nd2 Nd8 16. Qxd7 Bxd7 17. Ne4 Bc6 18. Bc5 Bxc5 19. Nxc5 Bxg2 20. Kxg2 Rf7 21. f4 b6 22. Ne4 exf4 23. gxf4 Ne6 24. e3 f5 25. Ng5 Nxg5 26. fxg5 Rd8 27. Rc3 Rfd7 28. Rd1 c5 29. Kf3 Kf7 30. Kf4 Rd5 31. h4 Kg6 32. a4 R8d6 33. Rd2 h6 34. Rg2 Rxd3 35. gxh6+ Kxh6 36. Rxd3 Rxd3 37. Kxf5 Rxe3 38. Rg6+ Kh5 39. Rxb6 Kxh4 40. Rb5 g5 41. Rxa5 g4 42. Ra8 Re2 43. a5 Rxb2 44. a6 Ra2 45. a7 Kg3 46. Rg8 Rxa7 47. Rxg4+ Kf3 48. Rc4 Rc7 49. Ke5 1/2-1/2

[Event "Lvov Tradition IM 09"]
[Site "Lvov"]
[Date "2019.09.24"]
[Round "2"]
[White "Gavrish, Leonid"]
[Black "Vakulenko, Aleksandr"]
[Result "0-1"]
[WhiteElo "2022"]
[BlackElo "2167"]
[PlyCount "66"]
[EventDate "2019.09.23"]
[EventType "tourn"]
[EventRounds "9"]
[EventCountry "UKR"]
[SourceTitle "EXT 2020"]
[Source "ChessBase"]
[SourceDate "2019.10.17"]
[SourceVersion "1"]
[SourceVersionDate "2019.10.17"]
[SourceQuality "1"]

1. d4 d5 2. c4 e6 3. Nc3 c6 4. e4 dxe4 5. Nxe4 Bb4+ 6. Bd2 Qxd4 7. Bxb4 Qxe4+ 8. Be2 c5 9. Bxc5 Qxg2 10. Qd6 Nd7 11. Bf3 Qg5 12. Bd4 e5 13. Bc3 Ne7 14. Ne2 Nf5 15. Qc7 0-0 16. Rd1 Nh4 17. Be4 Qe7 18. Bxb7 Bxb7 19. Qxb7 Rfd8 20. Ba5 e4 21. Bxd8 Rxd8 22. Ng3 e3 23. f4 e2 24. Rd2 Qe3 25. Rxd7 Re8 26. Rd2 Nf3+ 27. Qxf3 Qxf3 28. Rg1 Qxf4 29. b3 Qe3 30. Rg2 Qxd2+ 31. Kxd2 e1Q+ 32. Kc2 Qa1 33. Kd3 Rd8+ 0-1

[Event "Agios Nikolaos op 3rd"]
[Site "Agios Ioannis"]
[Date "2019.09.02"]
[Round "9"]
[White "Gavrish, Leonid"]
[Black "Mirzoev, Emil"]
[Result "1/2-1/2"]
[WhiteElo "2019"]
[BlackElo "2478"]
[PlyCount "88"]
[EventDate "2019.08.26"]
[EventType "swiss"]
[EventRounds "9"]
[EventCountry "GRE"]
[SourceTitle "EXT 2020"]
[Source "ChessBase"]
[SourceDate "2019.10.17"]
[SourceVersion "1"]
[SourceVersionDate "2019.10.17"]
[SourceQuality "1"]

1. d4 Nf6 2. c4 c5 3. d5 e5 4. Nc3 d6 5. e4 g6 6. Bd3 Bg7 7. Nf3 0-0 8. 0-0 Ne8 9. Rb1 f5 10. exf5 gxf5 11. Ng5 Nc7 12. Qh5 h6 13. Nh3 Qf6 14. g4 fxg4 15. Ng5 Bf5 16. Nge4 Qg6 17. Qxg6 Bxg6 18. Nxc5 Bxd3 19. Nxd3 Rf3 20. Be3 Nd7 21. Ne4 Bf8 22. Rfd1 Nf6 23. Ng3 Nd7 24. Kg2 Rf7 25. Rh1 b5 26. b3 Nb6 27. Rbc1 bxc4 28. bxc4 Na6 29. h3 gxh3+ 30. Rxh3 Rc8 31. Rh4 Rfc7 32. Bxb6 axb6 33. Nf5 Kh7 34. Rch1 Rxc4 35. Rxh6+ Bxh6 36. Rxh6+ Kg8 37. Nxd6 Rg4+ 38. Kh3 Rg1 39. Kh2 Rc3 40. Kxg1 Rxd3 41. Nf5 Nb4 42. Rxb6 Nxa2 43. Ne3 Nc3 44. Rb7 Nxd5 1/2-1/2

[Event "Agios Nikolaos op 3rd"]
[Site "Agios Ioannis"]
[Date "2019.08.31"]
[Round "7"]
[White "Gavrish, Leonid"]
[Black "Koutsourakis, Ioannis"]
[Result "1-0"]
[WhiteElo "2019"]
[BlackElo "1810"]
[PlyCount "47"]
[EventDate "2019.08.26"]
[EventType "swiss"]
[EventRounds "9"]
[EventCountry "GRE"]
[SourceTitle "EXT 2020"]
[Source "ChessBase"]
[SourceDate "2019.10.17"]
[SourceVersion "1"]
[SourceVersionDate "2019.10.17"]
[SourceQuality "1"]

1. d4 d5 2. c4 e6 3. Nc3 Nf6 4. cxd5 exd5 5. Bg5 c6 6. Qc2 Be7 7. e3 Nbd7 8. Bd3 h6 9. Bf4 Nh5 10. Bg3 Nxg3 11. hxg3 Nb6 12. Nge2 Bg4 13. Nf4 g5 14. Nh5 Bf6 15. Bf5 Bxh5 16. Rxh5 Qd6 17. 0-0-0 Nd7 18. e4 0-0-0 19. e5 Bxe5 20. dxe5 Qxe5 21. Nxd5 Kb8 22. Ne3 Nf6 23. Rxd8+ Rxd8 24. Rxh6 1-0

[Event "Agios Nikolaos op 3rd"]
[Site "Agios Ioannis"]
[Date "2019.08.27"]
[Round "2"]
[White "Levin, Evgeny A"]
[Black "Gavrish, Leonid"]
[Result "1-0"]
[WhiteElo "2502"]
[BlackElo "2019"]
[PlyCount "91"]
[EventDate "2019.08.26"]
[EventType "swiss"]
[EventRounds "9"]
[EventCountry "GRE"]
[SourceTitle "EXT 2020"]
[Source "ChessBase"]
[SourceDate "2019.10.17"]
[SourceVersion "1"]
[SourceVersionDate "2019.10.17"]
[SourceQuality "1"]

1. c4 Nf6 2. Nf3 c5 3. Nc3 g6 4. d4 cxd4 5. Nxd4 Nc6 6. e4 d6 7. Be2 Nxd4 8. Qxd4 Bg7 9. Be3 0-0 10. Qd2 Be6 11. Rc1 Qa5 12. f3 Rfc8 13. b3 a6 14. Na4 Qxd2+ 15. Kxd2 Nd7 16. g4 f5 17. exf5 gxf5 18. h3 Rf8 19. Rhg1 f4 20. Bf2 d5 21. cxd5 Bxd5 22. Nb6 Nxb6 23. Bxb6 Rac8 24. Rxc8 Rxc8 25. Rc1 Rxc1 26. Kxc1 Kf7 27. Bc4 Bxc4 28. bxc4 Kg6 29. Kd2 e5 30. Kd3 Kf6 31. Ke4 Ke6 32. Bc7 Bf6 33. g5 Bxg5 34. Bxe5 Bh6 35. Bxf4 Bf8 36. a4 Bc5 37. Be5 Bf2 38. f4 Kf7 39. f5 Bb6 40. Kd5 Be3 41. Kd6 h5 42. Kc7 b6 43. Kb7 a5 44. Bc7 Kf6 45. Bxb6 Bd2 46. c5 1-0